000
00323nam a2200145Ia 4500
005
20260328101509.0
008
260328s9999||||xx |||||||||||||| ||und||
100
_a
Le Corbusier
245
0
_a
Urbanisme /
_c
Le Corbusier
250
_a
Original
260
_b
Artahud
300
_a
283 p.
650
_a
URBANISMO
942
_c
BK
999
_c
9147
_d
9147